| 000 | 00880nam a22002057a 4500 | ||
|---|---|---|---|
| 999 |
_c9888 _d9888 |
||
| 003 | AR-CdUCM | ||
| 008 | 190328b ||||| |||| 00| 0 spa d | ||
| 040 |
_aMUNICIPALIDAD PROVINCIAL DEL CUSCO _cBIBLIOTECA MUNICIPAL DEL CUSCO |
||
| 082 |
_a909.83 / _bB24 |
||
| 100 |
_aBardens, Dennis _926408 |
||
| 245 | _a¿Que les Sucedió a los Checos? | ||
| 260 |
_aMexico ; _bEditorial "Olimpo" , _c1954. |
||
| 300 |
_a96 páginas ; _c19.7 cm. |
||
| 505 | _aContenido : ¿Que es el Comunismo? -- Cooperativas ¿Verdad o No? -- El rancho de los animales -- Asesinato en Moscu -- Como operan los Comunistas ? -- De Marx a Stalin -- Quieren los comunistas la Paz? -- Que le sucedio a los Checos ?... | ||
| 650 |
_aAntecedentes Historicos _926409 |
||
| 650 |
_aHistoria de Europa _98184 |
||
| 650 |
_aHistoria de la Republica Checa _926410 |
||
| 942 |
_2ddc _cLIBROS |
||
| 945 |
_apjha _d2019-05-14 |
||